Statistiques concernant Voc allemand - Alimentation

Cliquez ici pour prendre le quiz!

Statistiques générales

  • Ce quiz a été pris 36 fois
  • Le résultat moyen est 79 sur 178

Statistiques - réponses

HintRéponse% Correct
Der Apfel, "La pomme
97%
Die ButterLe beurre
94%
Die Sosse / Sauce, -nLa sauce
90%
Das FleischLa viande
90%
Das SalzLe sel
90%
Das ColaLe coca
87%
Das Brot, -eLe pain
87%
Das Brötchen / dise Semmel, -nLe petit pain
87%
Die Erbse, -nLe petit pois
87%
Das EisLa glace
84%
Das Café, -s | Der KaffeeLe café
84%
Die MilchLe lait
84%
Der Fisch, -eLe poisson
84%
Das BierLa bière
81%
Die Marmelade, -n / die Konfitüre, -nLa confiture
81%
Der HungerLa faim
81%
Das WürtschenLa saucisse
81%
Die Suppe, -nLa soupe / le potage
81%
Die SchokoladeLe chocolat
81%
Die Zitrone, -nLe citron
81%
Der KäseLe fromage
81%
Das Frühstück / das MorgenessenLe petit déjeuner
81%
Der TeeLe thé
81%
Der Wein, -eLe vin
81%
Die Küche, -nLa cuisine
77%
Das/der Bonbon, -sLe bonbon
77%
Das MittagessenLe déjeuner
77%
Der KuchenLe gâteau
77%
Der HonigLe miel
77%
Die Birne, -nLa poire
74%
Das Hähnchen / das Poulet, -sLe poulet
74%
Der ReisLe riz
74%
Der ZuckerLe sucre
74%
WarmChaud
71%
Die Kartoffel, -nLa pomme de terre
71%
Die Torte, -nLa tarte
71%
Die Frucht, ¨-eLe fruit
71%
Das Kochbuch, ¨-erLe livre de cuisine
71%
FrühstückenPetit déjeuner
71%
SüssSucré
71%
HeissTrès chaud
71%
Die Kirsche, -nLa cerise
68%
Das Huhn, ¨-erLa poule
68%
Der Saft, ¨-eLe jus
68%
Die Mahlzeit, -en / das Essen / das MenuLe repas
68%
Das GemüseLes légumes
68%
Die Zigarette, -nLa cigarette
65%
Die Erdbeere, -nLa fraise
65%
Die Zigarre, -nLe cigare
65%
SalzigSalé
65%
KochenCuisiner / bouillir
61%
Das Getränk, -eLa boisson
61%
Die Droge, -nLa drogue
61%
Die Nuss, ¨-eLa noix
61%
Die Bar, -sLe bar
61%
Das Ei, -erL'oeuf
61%
SchmeckenAvoir un goût
58%
Der Bäckerei, -enLa boulangerie
58%
Der GeschmackLe goût
58%
Das Glas, ¨-erLe verre
58%
Die Flasche, -nLa bouteille
55%
Die Speise, -nLe mets / le plat
55%
GrillenFaire griller
52%
Der LöffelLa cuillère
52%
Das MineralwasserL'eau minérale
52%
Die Schüssel, -nLe plat
52%
Der PfefferLe poivre
52%
Die Apfelsine, -n / die OrangeL'orange
52%
RauchenFumer
48%
FettGras
48%
Das MehlLa farine
48%
Der Pfirsich, -eLa pêche
48%
Das MesserLe couteau
48%
Die Nudel, -nLes nouilles
48%
ZahlenPayer
48%
HungrigQui a faim
48%
BackenCuire (au four)
45%
Die Fleischerei, -enLa boucherie
45%
Die Aprikose, -n / die Marille, -nL'abricot
45%
Der DurstLa soif
45%
Der Kohl / das KrautLe chou
45%
Die Nachspeise, -nLe dessert
45%
Der SchinkenLe jambon
45%
Der NichtraucherLe non-fumeur
45%
BitterAmer
42%
Der KarpfenLa carpe
42%
Die Sahne ( der RahmLa crème
42%
Die Gabel, -nLa fourchette
42%
Der RaucherLe fumeur
42%
Prost / GesundheitSanté
42%
(Sich) ernähren(Se) nourrir
42%
SchneidenCouper
39%
Die Zwiebel, -nL'oignon
39%
SattRassasié
39%
SauerAigre / acide
35%
Die Speisekarte, -nLa carte
35%
Das Rezept, -eLa recette
35%
Das Trinkgeld, -erLe pourboire
35%
Das AbendbrotLe repas du soir (le souper)
35%
BedienenServir
35%
BestellenCommander
32%
Probieren / kostenGoûter
32%
Die Metzgerei, -en | Die Wurst, ¨-eLa charcuterie
32%
Der PfannkuchenLa crêpe
32%
Das MarzipanLa pâte d'amande / le massepain
32%
Die Pfeife, -nLa pipe
32%
Die Pflaume, -n / die Zwetschke, -nLa prune
32%
Die Ölsardine, -nLa sardine à l'huile
32%
Das GeflügelLa volaille
32%
Der AschenbecherLe cendrier
32%
Die Bohne, -n / die Fisole, -nLe haricot
32%
Der BratenLe rôti
32%
VollPlein
32%
DurstigQui a soif
32%
LeerVide
32%
AbwaschenFaire la vaisselle
29%
Das FettLa graisse
29%
Die Johannisbeere, -nLa groseille
29%
Die Bratpfanne, -nLa poêle
29%
Der TellerL'assiette
29%
Das Feuerzeug, -eLe briquet
29%
Das ObstLes fruits
29%
ReifMûr
29%
AbtrocknenSécher
29%
Das NahrungsmittelL'aliment
26%
Die Forelle, -nLa truite
26%
Der Heing, -eLe hareng
26%
Der Gewürz, -eL'épice
26%
Das SchnitzelL'escalope
26%
RohCru
23%
FeinFin
23%
Der (Koch)topf, ¨-eLa casserole
23%
Das Streichholz, ¨-erL'allumette
23%
Das GeschirrLa vaisselle
23%
Das HackfleischLa viande hachée
23%
Der EssigLe vinaigre
23%
BratenRôtir
23%
AusgezeichnetExcellent
19%
BetrunkenIvre
19%
Der SenfLa moutarde
19%
Die BrüheLe bouillon
19%
SpülenRincer
19%
GiessenVerser
19%
GarCuit
16%
Der Kloss, ¨-e / der KnödelLa boulette
16%
Der Schnaps, ¨-eL'eau-de-vie
16%
Das Gasthaus, ¨-erLe restaurant
16%
Die Gurke, -nLa concombre
13%
Der Herd, -eLa cuisinière
13%
Das Besteck, -eLe couvert
13%
Der SektLe vin mousseux
13%
AnbietenOffrir
13%
Das Tüch, ¨-erLa nappe
10%
Die Kneipe, -nLe bistro
10%
Der Gast, ¨-eLe client
10%
Der Pudding, -s/-eLe flan
10%
Der Kühlschrank, ¨-eLe frigidaire
10%
Der Ober / der KellnerLe garçon
10%
Die KohlensäureLe gaz carbonique
10%
Die Kanne, -nLe pot
10%
Das GebäckLes petits gâteaux
10%
NüchternSobre
10%
WeichTendre
10%
ScharfTranchant
10%
StumpfEmoussé
6%
Die Dose, -nLa boîte de conserve
6%
Die Bedienung, -enLa serveuse
6%
Das SteakLe bifteck
6%
Der Weinbrand, ¨-eLe cognac
6%
Das KonfektLes confiseries
6%
Die LebensmittelLes denrées alimentaires
6%
Der Biergarten, ¨-enLa brasserie en plein air
3%
Das HörnchenLa croissant
3%
Der Wirt, -eLe patron
3%
Haltbar (sein)A consommer
0%
AnzündenAlummer
0%

Distribution des résultats

Percentile par nombre de réponses

% des personnes avec chaque résultat

Votre développement - résultats

Vous n’avez pas pris ce quiz